00722nam a2200241 a 45000010010000000030011000100080041000210200015000620350026000770920013001031000018001162450055001342600059001893000017002485000017002656500021002828560031003039420012003349520091003469900006004379980020004439990017004630001-1030ELIB.Books141112 2010 eng  a0802811442 a(ELIB.Books)0001-1184 a241bMur aMurray, John. aPrinciples of Conduct:bAspects of Biblical Ethics aGrand RapidsbWm. B. Eerdmans Publishing Companyc1991 a271c21.2 Cm aTaylor, Saw. aChristian Ethics nKBTS; LibraryuKBTS; Elib. 2ddccBK 00102ddc4070aKBTSbKBTSd2014-11-12l0p13035r2022-01-22 00:00:00w2022-01-22yBK a1 cbate2014-11-12 c11030d11030